000 00672nam a22001937a 4500
005 20251108173239.0
008 250721s2006 xx 000 0 ara d
082 1 4 _a321.973/حسي
100 1 _aحسين، داوود مراد
245 1 0 _aسلطات الرئيس الأمريكي ( بين النص الدستوري و الواقع العملي) /
264 1 _aعمان :
_bمركز الكتاب الأكاديمي،
_c2006.
300 _aplete
650 1 7 _aالانظمة السياسية
650 1 7 _aالولايات المتحدة الامريكية
650 1 7 _aالديمقراطية
650 1 7 _aالدستور
942 _2ddc
_cBK
999 _c99470
_d99470